ピノキオピー「神っぽいな」の歌詞の中で「その」に続く言葉 - Statistics

General Stats
  • This quiz has been taken 82 times
  • The average score is 13 of 24
Answer Stats
その ◯◯ % Correct
その 髪型
84%
その
82%
その 口元
79%
その メイク
74%
その
72%
その 香水
70%
その センス
68%
その 名言
67%
その カリスマ
67%
その ギャグ
67%
その 意見
65%
その 批評
63%
その メロディ
42%
その センス
40%
その 名言
39%
その 批評
39%
その カリスマ
39%
その ギャグ
39%
その
37%
その 意見
37%
その 音楽
35%
その
30%
その ストーリー
30%
その タイトル
26%
No matching quizzes found
Score Distribution
Percent of People with Each Score
Percentile by Number Answered
Your Score History
You have not taken this quiz